Tropical environments : (Registro nro. 5369)

Detalles MARC
000 -CABECERA
Campo de control 01064cam a2200289 a 4500
005 - FECHA Y HORA DE LA ULTIMA TRANSACCION
Campo de control 20191224041803.0
008 - ELEMENTOS DE LONGITUD FIJA—INFORMACION GENERAL
Campo de control 970102s1997 enkab grb 001 0 eng
020 ## - ISBN
ISBN 0415116082 (cloth)
020 ## - ISBN
ISBN 0415116090 (pbk.)
040 ## - FUENTE DE CATALOGACIÓN
Agencia catalogadora original DLC
Agencia transcriptora DLC
Agencia Modificadora CO-BoIAVH
041 ## - IDIOMA
Código de idioma para texto/pista de sonido o título separado Inglés
043 ## - GEOGRAPHIC AREA CODE
Geographic area code w------
082 04 - NUMERO DE CLASIFICACION DECIMAL DEWEY
Número de clasificación 577.0913
Número del ítem K29t
100 1# - ASIENTO PRINCIPAL--NOMBRE PERSONAL
Nombre personal Kellman, Martin C.
245 10 - MENCION DE TITULO
Título Tropical environments :
Parte restante del título the functioning and management of tropical ecosystems /
Mención de responsabilidad Martin Kellman and Rosanne Tackaberry.
260 ## - PUBLICACION, DISTRIBUCION, ETC. (PIE DE IMPRENTA)
Lugar de publicación, distribución, etc. London ;
-- New York :
Nombre del editor, distribuidor, etc. Routledge,
Fecha de publicación, distribución, etc. 1997.
300 ## - DESCRIPCION FISICA
Extensión xix, 380 p. :
Otros detalles físicos ill., maps ;
Dimensiones 24 cm.
504 ## - NOTA DE BIBLIOGRAFIA, ETC.
Nota de bibliografía Includes bibliographical references (p. 339-371) and index.
650 #0 - ASIENTO SECUNDARIO DE MATERIA - TERMINO TEMATICO
Término temático o nombre geográfico como elemento de entrada Ecologia
Subdivisión geográfica Tropics.
650 #0 - ASIENTO SECUNDARIO DE MATERIA - TERMINO TEMATICO
Término temático o nombre geográfico como elemento de entrada Ecosystem management
Subdivisión geográfica Tropics.
650 #0 - ASIENTO SECUNDARIO DE MATERIA - TERMINO TEMATICO
Término temático o nombre geográfico como elemento de entrada gestión de los ecosistemas
651 #0 - ASIENTO SECUNDARIO DE MATERIA - NOMBRE GEOGRAFICO
Nombre geográfico Tropics.
651 #0 - ASIENTO SECUNDARIO DE MATERIA - NOMBRE GEOGRAFICO
Nombre geográfico Tropicos
700 1# - ASIENTO SECUNDARIO - NOMBRE PERSONAL
Nombre personal Tackaberry, Rosanne,
Fechas asociadas con el nombre 1960-
856 42 - LOCALIZACION Y ACCESO ELECTRONICOS
Especificación de los materiales Publisher description
Identificador Uniforme del Recurso http://www.loc.gov/catdir/enhancements/fy0649/97000387-d.html
942 ## - ELEMENTOS ADICIONALES (KOHA)
Sistema de clasificación Dewey Decimal Classification
Tipo de ítem Libro
Existencias
Withdrawn status Lost status Sistema de Clasificación Damaged status No para préstamo Colección Inventariado Ubicación Permanente Ubicación actual Fecha de adquisición Fuente de Valor Valor Total Checkouts Número topográfico Inventario / Código de Barras Date last seen Ejemplar Price effective from Tipo de material
    Dewey Decimal Classification     General Inventariado 2017 Bogotá Bogotá 18/10/2006 ArmenterasP., Dolors 39000.00   LB-577.0913 K29t 023460 04/12/2012 Ej.1 04/12/2012 Libro